| 000 | 00357nam a22001577a 4500 | ||
|---|---|---|---|
| 005 | 20160628113531.0 | ||
| 008 | 160628b xxu||||| |||| 00| 0 eng d | ||
| 020 | _a007-065650-9 | ||
| 041 | _aeng | ||
| 082 | _b10758 | ||
| 245 | _aManager's toolkit | ||
| 260 | _bHarvard Business School Press | ||
| 300 | _a317 | ||
| 650 |
_aManagement _9241 |
||
| 942 | _cBK | ||
| 999 |
_c4402 _d4401 |
||